000 00344nam a2200145Ia 4500
008 240830s2005 xx 000 0 und d
041 _aeng
082 _a574.192 PAN
100 _aPANDA U N
245 _aHAND BOOK OF BIOCHHEMISTRY
260 _aDELHI
_bN.D.
_c2005
650 _aROG-NIDAN
906 _aBIOCHEMISTRY
999 _c1185950
_d1185950